Responses for Show #8031 - Monday, July 8, 2019

Ryan Bilger game 3.

Contestants

[<< previous game]

Sarah Hoban, a freelance writer and editor from Barrington, Illinois

Holly Ahronheim, a stay-at-home mom from Royal Palm Beach, Florida

Ryan Bilger, a student from Macungie, Pennsylvania (whose 2-day cash winnings total $63,849)

[next game >>]

Jeopardy! Round responses

EVERY PITCHER TELLS A STORY
A LA WHAT?
A PAST-ICHE
"J"-6
(Alex: 6-letter words starting with the letter J as correct responses.)
ON WEEKENDS
VISIT A NATIONAL PARK
    $200 19
Hungarian

Ryan
    $200 13
the Big Bang

Ryan
    $200 4
jetlag

Ryan
    $200 3
Frozen

Holly
    $400 1
Satchel Paige

Ryan
    $400 21
a la carte

Sarah
    $400 12
a gap

Holly
    $400 8
jagged

Holly
    $400 6
the Rose Bowl

Ryan
    $400 20
Alaska

Sarah
    $600 2
Tug McGraw

Sarah
    $600 22
baked

Triple Stumper
    $600 14
(Holly: Who is Rodney Dangerfield?)

Sam Kinison

Holly
Triple Stumper
    $600 9
a jalopy

Ryan
    $600 16
your Sunday best

Holly
    $600 26
Mount Rainier

Sarah
    $800 5
(Ryan: What is a perfect--perfect game?)

a no-hitter

RyanSarah
    $800 23
chicken a la king

Holly
    $800 15
ye olde

Ryan
    $800 10
jovian

Ryan
    $800 17
blue laws

Ryan
    $4,600 28
[The end-of-round signal sounds.]

Joshua trees

Ryan
    $1000 7
(Pedro) Martinez

Holly
    $1000 24
(Alex: Less than a minute.)

Calvados

Sarah
    $1000 25
antiquities

Holly
    $1000 11
junket

Sarah
    $1000 18
Oberlin

Holly
    $1000 27
Arches

Ryan

Scores at the first commercial break (after clue 15):

Ryan Holly Sarah
$2,600 $1,400 $2,400

Scores at the end of the Jeopardy! Round:

Ryan Holly Sarah
$9,200 $4,800 $4,800

Double Jeopardy! Round responses

ACTRESSES
MULTI-WORD SOUNDALIKES
THE POWER OF THREE
MAMMALS
AUGUSTUS
FICTIONAL LANGUAGES
(Alex: You have to identify the author who created these languages.)
    $400 2
an emery board/Emory board

Holly
    $400 4
(Holly: What are fingers?)

teeth

HollySarah
    $400 26
[The end-of-round signal sounds.]

a polar bear

Holly
    $400 12
Rowling

Ryan
    $800 3
(Holly: What's adhesive?)
(Ryan: What are whacks?)

sealing wax/ceiling whacks

RyanHolly
Triple Stumper
    $800 13
Curly Howard

Sarah
    $800 22
a boar

Ryan
    $800 18
Scotland

Ryan
    $800 5
George R.R. Martin

Triple Stumper
    $1200 1
[Sarah selected the first clue, with no explanation for why.]

Catherine Zeta-Jones

Holly
    $1200 8
(Ryan: What are [*]?)
[Groans from the audience and contestants]
(Alex: Wait a minute, is that a critique of our writing staff?)

four candles & fork handles

Ryan
    $1200 14
a trifecta

Holly
    $1200 23
a mongoose

Sarah
    $1200 19
Tiberius

Ryan
    $1200 9
Roald Dahl

Ryan
    $1600 6
(Holly: Who is Lily Rose?)

Lily James

Holly
Triple Stumper
    $1600 17
horse collar and hoarse caller

Ryan
    $1600 15
the three mile limit

Triple Stumper
    $7,200 24
Bengal tigers

Sarah
    $1600 20
(Dylan) Thomas

Ryan
    $6,000 10
(Edgar Rice) Burroughs

Ryan
    $2000 7
(Saoirse) Ronan

Holly
    $2000 16
the Village Vanguard

Triple Stumper
    $2000 25
rhesus monkeys

Sarah
    $2000 21
Juilliard

Triple Stumper
    $2000 11
Anthony Burgess

Ryan

Scores at the end of the Double Jeopardy! Round:

Ryan Holly Sarah
$25,200 $7,200 $16,400

[wagering suggestions for these scores]

Final Jeopardy! Round responses

NORTH AMERICAN CITIES
(Alex: [To Sarah] Expo '67 put it on the world map.)
HollyWhat is Woodstock?
$7,200
SarahWhat is Montreal?
$16,000
RyanWhat is Montreal?
$7,601
Montreal

Final scores:

Ryan Holly Sarah
$32,801 $0 $32,400
3-day champion: $96,650 3rd place: $1,000 2nd place: $2,000

Game dynamics:

Coryat scores:

Ryan Holly Sarah
$17,000 $7,200 $10,800
21 R
(including 2 DDs),
2 W
13 R,
4 W
12 R
(including 1 DD),
0 W

Combined Coryat: $35,000

[game clues] [game scores] [suggest correction]

Game tape date: 2019-03-27
The J! Archive is created by fans, for fans. Scraping, republication, monetization, and malicious use prohibited; this site may use cookies and collect identifying information. See terms. The Jeopardy! game show and all elements thereof, including but not limited to copyright and trademark thereto, are the property of Jeopardy Productions, Inc. and are protected under law. This website is not affiliated with, sponsored by, or operated by Jeopardy Productions, Inc. Join the discussion at JBoard.tv.